00702nam a22002657a 4500003000400000005001700004008004100021020001500062040002300077041000800100050001500108100001700123245003400140264003800174300001800212336002200230337002400252338002400276650002700300650002800327650002500355650002400380942001500404999001700419OSt20260530113917.0260508b2006 |||a|||| |||| 00| 0 eng d a0863555748 aICIbspacICIerda aeng aHT151bE24 eTill, Jeremy aEcho/city:bAn urban register aLondonbThe British Councilc2006 a24 páginas  2rdacontentatexto 2rdamediaasin medio 2rdacarrieravolumen aUrban sociology934244 aCities and towns934245 aCity planning934246 aUrbanization934247 2lcccBKn1 c12331d12331